Birmingham and Derby Junction Railway (Record no. 114610)
[ view plain ]
| 000 -LEADER | |
|---|---|
| fixed length control field | 01098cam a22002055a 4500 |
| 001 - CONTROL NUMBER | |
| control field | L157120 |
| 008 - FIXED-LENGTH DATA ELEMENTS--GENERAL INFORMATION | |
| fixed length control field | 120904s1837 xxk f 000 0 eng d |
| 035 ## - SYSTEM CONTROL NUMBER | |
| System control number | (Sirsi) u157120 |
| 041 0# - LANGUAGE CODE | |
| Language code of text/sound track or separate title | eng |
| 100 1# - MAIN ENTRY--PERSONAL NAME | |
| Personal name | Stephenson, George |
| 245 00 - TITLE STATEMENT | |
| Title | Birmingham and Derby Junction Railway |
| Remainder of title | plan of a line of railway commencing in th township of Bolehall, in the Parish of Tamworth. And terminating by a junction with the London and Birmingham Railway, on the Northern side of thee Dunchurch and Lutterworth Turnpike Road in the Parish of Rugby, both in the County of Warwick |
| 260 ## - PUBLICATION, DISTRIBUTION, ETC. | |
| Place of publication, distribution, etc. | London |
| Name of publisher, distributor, etc. | C. F. Cheffins |
| Date of publication, distribution, etc. | [1837] |
| 300 ## - PHYSICAL DESCRIPTION | |
| Extent | 14 maps in 1 v. |
| Other physical details | col., dissected and mounted on linen |
| Dimensions | 21 cm. |
| 520 ## - SUMMARY, ETC. | |
| Summary, etc. | Cover title: Birmingham & Derby Junction Railway, Session 1837. |
| 520 ## - SUMMARY, ETC. | |
| Summary, etc. | The maps have been mounted on to guards and then bound within one volume. Each map is folded separately. A handwritten index has been bound in to the front of the volume. |
| 583 ## - ACTION NOTE | |
| Action | Condition reviewed |
| Time/date of action | 20120620 |
| Status | condition level 4 |
| 651 #4 - SUBJECT ADDED ENTRY--GEOGRAPHIC NAME | |
| Geographic name | England |
| Chronological subdivision | 886- |
| 690 ## - LOCAL SUBJECT ADDED ENTRY--TOPICAL TERM (OCLC, RLIN) | |
| Topical term or geographic name as entry element | Infrastructure |
| 9 (RLIN) | 6246 |
| 942 ## - ADDED ENTRY ELEMENTS (KOHA) | |
| Suppress in OPAC | 0 |
| Withdrawn status | Lost status | Source of classification or shelving scheme | Damaged status | Not for loan | Home library | Current library | Shelving location | Date acquired | Total Checkouts | Full call number | Barcode | Date last seen | Copy number | Price effective from | Koha item type |
|---|---|---|---|---|---|---|---|---|---|---|---|---|---|---|---|
| Dewey Decimal Classification | Historic collection | Historic collection | Historic collection | 04/09/2012 | MAP 1837 STEPHENSON | 30077039 | 06/08/2019 | 1 | 06/08/2019 | Book |